|
|
|
|
| LEADER |
00000nam0a2200000 4500 |
| 001 |
212998 |
| 005 |
20231101225807.0 |
| 010 |
|
|
|a 0435271784
|
| 035 |
|
|
|a (RuTPU)RU\TPU\book\232750
|
| 090 |
|
|
|a 212998
|
| 100 |
|
|
|a 20120405d1992 m y0engy50 ba
|
| 101 |
0 |
|
|a eng
|
| 102 |
|
|
|a GB
|
| 105 |
|
|
|a a z 000zy
|
| 200 |
1 |
|
|a This is New York
|f B. Pennink
|
| 210 |
|
|
|a Oxford
|c Heinemann ELT
|d 1992
|
| 215 |
|
|
|a 31 p.
|c il.
|
| 225 |
1 |
|
|a Heinemann elt guided readers
|e Beginner level
|
| 606 |
1 |
|
|a Английский язык
|x Учебные руководства и пособия
|x Хрестоматии, книги для чтения
|2 stltpush
|3 (RuTPU)RU\TPU\subj\29075
|9 52487
|
| 610 |
1 |
|
|a страноведение
|
| 610 |
1 |
|
|a США
|
| 610 |
1 |
|
|a города мира
|
| 610 |
1 |
|
|a Нью-Йорк
|
| 610 |
1 |
|
|a путеводители
|
| 610 |
1 |
|
|a география
|
| 610 |
1 |
|
|a история
|
| 610 |
1 |
|
|a архитектура
|
| 610 |
1 |
|
|a памятники
|
| 610 |
1 |
|
|a традиции
|
| 610 |
1 |
|
|a памятные места
|
| 686 |
|
|
|a Ш143.21-923.8
|v LBC/SL-A
|2 rubbk
|
| 700 |
|
1 |
|a Pennink
|b B.
|g Betsy
|
| 801 |
|
1 |
|a RU
|b 63413507
|c 20120405
|
| 801 |
|
2 |
|a RU
|b 63413507
|c 20120416
|g RCR
|
| 942 |
|
|
|c BK
|